[Event "St Petersburg Korchnoi Memorial op"]
[Site "St Petersburg"]
[Date "2024.08.19"]
[Round "5"]
[White "Abramkina, Veranika"]
[Black "Konoplev, Kirill"]
[Result "1-0"]
[WhiteElo "1972"]
[BlackElo "1689"]
[PlyCount "73"]
[EventDate "2024.08.17"]
[EventType "swiss"]
[EventRounds "9"]
[EventCountry "RUS"]
[SourceTitle "EXT 2025"]
[Source "ChessBase"]
[SourceDate "2024.10.14"]
[SourceVersion "1"]
[SourceVersionDate "2024.10.14"]
[SourceQuality "1"]

1. Nf3 d5 2. g3 Nd7 3. d4 Nb6 4. Bg2 Bf5 5. Nc3 h6 6. 0-0 Nf6 7. Bf4 c6 8. Nd2 e6 9. e4 Bh7 10. exd5 Nbxd5 11. Be5 Bd6 12. Nxd5 cxd5 13. c4 Bd3 14. Bxf6 gxf6 15. cxd5 Bxf1 16. Nxf1 Qe7 17. Rc1 f5 18. dxe6 fxe6 19. d5 e5 20. Ne3 0-0 21. h4 f4 22. Nf5 Qf6 23. Be4 Rf7 24. Qh5 Bf8 25. g4 Rh7 26. d6 Rd8 27. Rc3 Kh8 28. g5 hxg5 29. Qxg5 Qxg5+ 30. hxg5 Rh5 31. g6 b6 32. Kg2 a6 33. Bc2 Bh6 34. d7 Rg5+ 35. Kf3 Rxg6 36. Nxh6 Rg7 37. Rc8 1-0

[Event "St Petersburg Korchnoi Memorial op"]
[Site "St Petersburg"]
[Date "2024.08.18"]
[Round "4"]
[White "Konoplev, Kirill"]
[Black "Krukouski, Serafim"]
[Result "1/2-1/2"]
[WhiteElo "1689"]
[BlackElo "1983"]
[PlyCount "57"]
[EventDate "2024.08.17"]
[EventType "swiss"]
[EventRounds "9"]
[EventCountry "RUS"]
[SourceTitle "CBM 221 Extra"]
[Source "ChessBase"]
[SourceDate "2024.09.30"]
[SourceVersion "1"]
[SourceVersionDate "2024.09.30"]
[SourceQuality "1"]

1. e4 c6 2. d4 d5 3. e5 Bf5 4. h4 h5 5. Nf3 e6 6. Bd3 Bxd3 7. Qxd3 Qa5+ 8. Nbd2 Nh6 9. 0-0 Nf5 10. c4 Be7 11. g3 Nd7 12. a3 Qa6 13. b3 0-0-0 14. Qc3 Kb8 15. Re1 Rdg8 16. Nf1 dxc4 17. Qxc4 Qxc4 18. bxc4 Nb6 19. c5 Nd5 20. Ne3 Rd8 21. Nxf5 exf5 22. Bg5 Kc8 23. Bxe7 Nxe7 24. Rad1 Kc7 25. Ng5 Rhf8 26. Nh7 Rh8 27. Ng5 Rhf8 28. Nh7 Rh8 29. Ng5 1/2-1/2

[Event "St Petersburg Korchnoi Memorial op"]
[Site "St Petersburg"]
[Date "2024.08.18"]
[Round "3"]
[White "Pogorelov, Daniil A"]
[Black "Konoplev, Kirill"]
[Result "0-1"]
[WhiteElo "1905"]
[BlackElo "1689"]
[PlyCount "30"]
[EventDate "2024.08.17"]
[EventType "swiss"]
[EventRounds "9"]
[EventCountry "RUS"]
[SourceTitle "CBM 221 Extra"]
[Source "ChessBase"]
[SourceDate "2024.09.30"]
[SourceVersion "1"]
[SourceVersionDate "2024.09.30"]
[SourceQuality "1"]

1. e4 c5 2. d4 d5 3. exd5 Qxd5 4. Nc3 Qd8 5. Nf3 Nc6 6. Bb5 Bd7 7. 0-0 Nf6 8. Ne5 Rc8 9. b3 a6 10. Bc4 e6 11. a4 Bd6 12. Nxd7 Qxd7 13. Bb2 0-0 14. Ne2 Be7 15. Ng3 Rcd8 0-1

[Event "St Petersburg Korchnoi Memorial op"]
[Site "St Petersburg"]
[Date "2023.08.20"]
[Round "4"]
[White "Konoplev, Kirill"]
[Black "Kostygova, Margarita"]
[Result "0-1"]
[WhiteElo "1250"]
[BlackElo "1524"]
[PlyCount "100"]
[EventDate "2023.08.18"]
[EventType "swiss"]
[EventRounds "9"]
[EventCountry "RUS"]
[SourceTitle "CBM 216 Extra"]
[Source "ChessBase"]
[SourceDate "2023.11.30"]
[SourceVersion "1"]
[SourceVersionDate "2023.11.30"]
[SourceQuality "1"]

1. e4 e6 2. d4 d5 3. Nc3 Nf6 4. e5 Nfd7 5. f4 c5 6. Nf3 Nc6 7. Be3 cxd4 8. Nxd4 Bc5 9. Qd2 a6 10. 0-0-0 Nxd4 11. Bxd4 Qc7 12. Kb1 b5 13. h4 Rb8 14. h5 Nb6 15. h6 g6 16. g4 b4 17. Ne2 Nc4 18. Qe1 a5 19. Bxc5 Qxc5 20. Nd4 a4 21. Bxc4 dxc4 22. f5 c3 23. fxe6 fxe6 24. Qh4 0-0 25. Rhf1 Bd7 26. Qg5 b3 27. Rxf8+ Rxf8 28. cxb3 axb3 29. axb3 cxb2 30. Kxb2 Rf2+ 31. Kb1 Bc6 32. Qd8+ Rf8 33. Qh4 Be4+ 34. Kb2 Qxe5 35. Qe1 Rc8 36. Qb4 Qf6 37. Qd6 Rd8 38. Qb6 Bd5 39. g5 Qxg5 40. Qc7 Qf6 41. Kc3 Qf8 42. Qe5 Rc8+ 43. Kb2 Qf2+ 44. Kb1 Qf7 45. Re1 Re8 46. Rc1 Qf8 47. Qg5 Be4+ 48. Nc2 Ra8 49. Qe5 Bf5 50. Qe3 Qf6 0-1